[Event "Novokuznetsk Goriainov Memorial op"]
[Site "Novokuznetsk"]
[Date "2007.08.20"]
[Round "7"]
[White "Koveshnikova, Daria"]
[Black "Golubchikov, Slava"]
[Result "0-1"]
[WhiteElo "1984"]
[BlackElo "2206"]
[PlyCount "86"]
[EventDate "2007.08.14"]
[EventType "swiss"]
[EventRounds "9"]
[EventCountry "RUS"]
[SourceTitle "EXT 2009"]
[Source "ChessBase"]
[SourceDate "2008.11.26"]
[SourceVersion "1"]
[SourceVersionDate "2008.11.26"]
[SourceQuality "1"]

1. Nf3 d5 2. d4 c6 3. c4 Nf6 4. Qc2 e6 5. g3 Bd6 6. Bg2 0-0 7. 0-0 Nbd7 8. Nbd2 e5 9. cxd5 cxd5 10. dxe5 Nxe5 11. Rd1 Nc6 12. Nb3 Re8 13. Nbd4 Bd7 14. Bd2 Rc8 15. Qb3 Na5 16. Qd3 Nc4 17. Bc3 Ne4 18. Nb3 Nxc3 19. Qxc3 Ne3 20. Qd2 Nxd1 21. Rxd1 Bc6 22. Nfd4 Be5 23. h3 Qb6 24. e3 Red8 25. Qe2 Ba4 26. Nf5 Bf6 27. Qg4 Bxb3 28. axb3 Rc5 29. Nh6+ Kf8 30. Nf5 Qxb3 31. Nd4 Qxb2 32. Qf5 Kg8 33. Nf3 Rc1 34. Qd3 Rxd1+ 35. Qxd1 Qa1 36. Qxa1 Bxa1 37. Nd2 a5 38. Nb3 Bc3 39. Bf1 a4 40. Nc1 Bb2 41. Na2 Rc8 42. Bg2 b5 43. Bxd5 Ba3 0-1

[Event "Novokuznetsk Goriainov Memorial op"]
[Site "Novokuznetsk"]
[Date "2007.08.19"]
[Round "6"]
[White "Golubchikov, Slava"]
[Black "Veselyy, Andrey"]
[Result "0-1"]
[WhiteElo "2206"]
[BlackElo "2100"]
[PlyCount "108"]
[EventDate "2007.08.14"]
[EventType "swiss"]
[EventRounds "9"]
[EventCountry "RUS"]
[SourceTitle "EXT 2009"]
[Source "ChessBase"]
[SourceDate "2008.11.26"]
[SourceVersion "1"]
[SourceVersionDate "2008.11.26"]
[SourceQuality "1"]

1. e4 e5 2. Nf3 Nf6 3. Nc3 Nc6 4. d4 Bb4 5. dxe5 Nxe4 6. Qd3 Bxc3+ 7. bxc3 d5 8. c4 Bf5 9. Qb3 Na5 10. Qa4+ c6 11. cxd5 Qxd5 12. c4 Qd8 13. Ba3 Qb6 14. c5 Qc7 15. Rc1 b5 16. cxb6 Qxb6 17. Qd4 Rd8 18. Qxb6 axb6 19. Be2 c5 20. 0-0 Nd2 21. Rfd1 Nxf3+ 22. Bxf3 Ke7 23. Be2 Be6 24. Bf1 Bxa2 25. f4 Rxd1 26. Rxd1 Bc4 27. Ra1 Bxf1 28. Kxf1 Nc4 29. Bc1 Rd8 30. Ke2 b5 31. Ra7+ Rd7 32. Ra8 Ke6 33. Rc8 Kd5 34. Kd3 b4 35. Rh8 Na5 36. Rxh7 c4+ 37. Kc2 g6 38. Rh8 Kd4 39. Rh3 Nc6 40. Rh7 b3+ 41. Kb2 Nd8 42. Rh3 Ne6 43. g4 Nc5 44. Be3+ Kd5 45. Bd2 Ra7 46. Kb1 Nd3 47. Bc3 Nxf4 48. Re3 Nd3 49. h4 Ra2 50. Rxd3+ Kc5 51. Rd1 Rc2 52. Rf1 Rxc3 53. e6 b2 54. Ka2 Rc1 0-1